Acteurs du film Les Tontons flingueurs par images - Statistiques

Statistiques générales
  • Ce quiz a été pris 82 fois
  • Le résultat moyen est 6 sur 9
Statistiques - réponses
Par images Hint Réponse % Correct
Fernand Naudin Lino Ventura
98%
Raoul Volfoni Bernard Blier
95%
Paul Volfoni Jean Lefebvre
89%
Maître Folace Francis Blanche
73%
Antoine Delafoy Claude Rich
68%
Jean Robert Dalban
48%
Pascal Venantino Venantini
33%
le Réalisateur Georges Lautner
32%
Patricia Sabine Sinjen
20%
Aucun quiz correspondant
Distribution des résultats
% des personnes avec chaque résultat
Percentile par nombre de réponses
Votre historique - résultats
Vous n’avez pas pris ce quiz